| 000 -ლიდერი |
| ფიქსირებული სიგრძის საკონტროლო ველი |
00825nam a22001937a 4500 |
| 003 - საკონტროლო ნომრის იდენტიფიკატორი |
| საკონტროლო ველი |
Ge_BSU |
| 005 - ბოლო ოპერაციის თარიღი და დრო |
| საკონტროლო ველი |
20241018110206.0 |
| 008 - ფიქსირებული სიგრძის მონაცემთა ელემენტები - ზოგადი ინფორმაცია |
| ფიქსირებული სიგრძის საკონტროლო ველი |
241018b xxu||||| |||| 00| 0 geo d |
| 041 ## - ენის კოდი |
| Language code of text/sound track or separate title |
geo |
| 080 ## - უნივერსალური ათობითი კლასიფიკაციის ინდექსი |
| Universal Decimal Classification number |
616-006.6-084 ბ-48 |
| 100 ## - მთავარი ჩანაწერი - პიროვნების სახელი |
| Personal name |
ბენიაშვილი, ჯემალ |
| 9 (RLIN) |
23436 |
| 245 ## - ცნობა სათაურის შესახებ |
| Title |
კიბოს პროფილაქტიკა / |
| Statement of responsibility, etc |
ჯემალ ბენიაშვილი. |
| 264 ## - წარმოების, გამოცემის, დისტრიბუციის და სხვა ცნობები |
| გამოცემის, წარმოების, დისტრიბუციის... ადგილი |
თბ. : |
| გამოცემის, წარმოების, დისტრიბუციის... სახელწოდება |
საქ. კპ ცკ-ის გამ-ბა, |
| გამოცემის, წარმოების, დისტრიბუციის... თარიღი |
1988. |
| 300 ## - ფიზიკური აღწერა |
| Extent |
32 გვ. ; |
| Other physical details |
19 სმ. |
| 490 ## - სერიის ცნობა |
| Series statement |
ლექტორის დასახმარებლად / საქ. სსრ საზ-ბა "ცოდნა" ; |
| Volume number/sequential designation |
9 |
| 653 ## - INDEX TERM--UNCONTROLLED |
| Uncontrolled term |
კიბოს პროფილაქტიკა |
| 653 ## - INDEX TERM--UNCONTROLLED |
| Uncontrolled term |
მედიცინა |
| 942 ## - ADDED ENTRY ELEMENTS (KOHA) |
| Source of classification or shelving scheme |
|
| Koha item type |
წიგნი |